| 000 | 00385nam a2200169Ia 4500 | ||
|---|---|---|---|
| 100 | _aBarr/Michael/ Massa/A | ||
| 650 | _aEmbedded | ||
| 250 | _a2 | ||
| 942 | _cBK | ||
| 366 | _f20 | ||
| 245 | _aProgramming embedded systems with C and GNU development tools | ||
| 260 |
_bShroff Publishers _c2006 |
||
| 082 |
_a3.3 _bBAR |
||
| 300 | _a301 | ||
| 546 |
_aENGLISH _cTTL |
||
| 999 |
_c28992 _d28992 |
||